000 00297nam a2200121Ia 4500
008 220204s9999 xx 000 0 und d
082 _a028.2875
_bHIL.13
245 0 _aPyrolysis of polymers. V 13
260 _aNew York
_bTechnomic
_c1976
650 _aPyrolysis
700 _aCarlos J
942 _cBK
999 _c34809
_d34809